New horizon English course 1 /

Đã lưu trong:
书目详细资料
格式: 图书
出版: 125tr, 26cm.
主题:
标签: 添加标签
没有标签, 成为第一个标记此记录!
Thư viện lưu trữ: Mạng thư viện Đại học Đà Nẵng
LEADER 00790nam a22002411a 4500
001 000037117
003 13412
005 20220722151219.0
008 160412s0 000
020 |a 4487121515 
082 |a 420  |b SH-T 
245 0 |a New horizon English course 1 /  |c Shoseki, Tokyo. 
260 |a 125tr,  |c 26cm. 
653 |a New horizon  |a English course 1 
OWN |a LNN 
AVA |a UDN50  |b LNN  |c English  |d 420SH-T  |e available  |t Error 5001 Not defined in file expand_doc_bib_avail.  |f 1  |g 0  |h N  |i 0  |j AN 
999 |a From the UDN01 
AVA |a UDN50  |b LNN  |c English  |d 420SH-T  |e available  |t Error 5001 Not defined in file expand_doc_bib_avail.  |f 1  |g 0  |h N  |i 0  |j AN 
TYP |a Monograph 
980 |a Mạng thư viện Đại học Đà Nẵng